[Event "GER-ch U10 Girls"]
[Site "Willingen"]
[Date "2023.05.29"]
[Round "4"]
[White "Ruddat, Maila"]
[Black "Kuehn, Nicole"]
[Result "0-1"]
[WhiteElo "1024"]
[BlackElo "1048"]
[PlyCount "84"]
[EventDate "2023.05.27"]
[EventType "swiss"]
[EventRounds "11"]
[EventCountry "GER"]
[SourceTitle "CBM 214 Extra"]
[Source "ChessBase"]
[SourceDate "2023.07.31"]
[SourceVersion "1"]
[SourceVersionDate "2023.07.31"]
[SourceQuality "1"]

1. e4 e5 2. Nf3 Nc6 3. Bc4 Nf6 4. d3 Be7 5. Nc3 0-0 6. Be3 d6 7. h3 Be6 8. Bb3 Bxb3 9. axb3 d5 10. 0-0 d4 11. Nb5 dxe3 12. fxe3 a6 13. Nc3 Bc5 14. Nxe5 Bxe3+ 15. Kh1 Nxe5 16. Qe2 Bd4 17. Nd5 Nxd5 18. exd5 Qxd5 19. c4 Qe6 20. Ra2 Nc6 21. Qh5 Nb4 22. Ra5 Bxb2 23. Rg5 Bf6 24. Rg4 Nxd3 25. Rg3 Ne5 26. b4 Ng6 27. c5 a5 28. b5 Qc4 29. b6 Qxf1+ 30. Kh2 cxb6 31. cxb6 Qe1 32. h4 Be5 33. Qg5 Bxg3+ 34. Qxg3 Qxg3+ 35. Kxg3 Nxh4 36. Kxh4 Rac8 37. g4 Rfd8 38. Kh3 g5 39. Kg3 Rc3+ 40. Kf2 Rd2+ 41. Ke1 Ra2 42. Kf1 Rc1# 0-1

[Event "GER-ch U10 Girls"]
[Site "Willingen"]
[Date "2023.05.28"]
[Round "1"]
[White "Noennig, Lotte"]
[Black "Ruddat, Maila"]
[Result "1-0"]
[WhiteElo "1341"]
[BlackElo "1024"]
[PlyCount "83"]
[EventDate "2023.05.27"]
[EventType "swiss"]
[EventRounds "11"]
[EventCountry "GER"]
[SourceTitle "CBM 214 Extra"]
[Source "ChessBase"]
[SourceDate "2023.07.31"]
[SourceVersion "1"]
[SourceVersionDate "2023.07.31"]
[SourceQuality "1"]

1. e4 e5 2. Nf3 Nc6 3. Bc4 Bc5 4. c3 Nf6 5. d4 exd4 6. cxd4 Bb4+ 7. Bd2 Bxd2+ 8. Nbxd2 d5 9. exd5 Nxd5 10. Qb3 Nce7 11. 0-0 0-0 12. Rac1 c6 13. Rfe1 Bf5 14. Qxb7 Nb6 15. Qxe7 Qxe7 16. Rxe7 Nxc4 17. Rxc4 Rab8 18. Rxc6 Rxb2 19. Rxa7 Rfb8 20. h3 Be6 21. Rca6 h6 22. Ra8 Bd5 23. Rxb8+ Rxb8 24. Ne5 f6 25. Nd7 Rb4 26. Nb3 Bxb3 27. axb3 Rxd4 28. Nc5 Rd1+ 29. Kh2 Rc1 30. b4 Rc4 31. Rb6 Kf7 32. Kg3 Ke7 33. Kf3 Kd8 34. Rb7 g5 35. Ke3 f5 36. Kd3 Rc1 37. Kd4 Rg1 38. b5 Rxg2 39. b6 f4 40. Rd7+ Ke8 41. b7 Rxf2 42. b8Q# 1-0

[Event "GER-ch U08"]
[Site "Willingen"]
[Date "2022.06.11"]
[Round "7"]
[White "Hemmerling, Dominik"]
[Black "Ruddat, Maila"]
[Result "1-0"]
[WhiteElo "1006"]
[BlackElo "824"]
[PlyCount "155"]
[EventDate "2022.06.07"]
[EventType "swiss"]
[EventRounds "7"]
[EventCountry "GER"]
[SourceTitle "EXT 2023"]
[Source "ChessBase"]
[SourceDate "2022.10.05"]
[SourceVersion "1"]
[SourceVersionDate "2022.10.05"]
[SourceQuality "1"]

1. e4 e5 2. Nf3 Nc6 3. Nc3 Nf6 4. Bb5 Bd6 5. 0-0 0-0 6. d3 a6 7. Bxc6 dxc6 8. Bg5 Bg4 9. h3 Bh5 10. Qe2 h6 11. Bh4 Re8 12. Qe3 Qe7 13. Nd2 Qe6 14. Bxf6 Qxf6 15. Nc4 Qg6 16. Nxd6 cxd6 17. Qg3 Re6 18. Qxg6 Rxg6 19. g4 Bxg4 20. hxg4 Rxg4+ 21. Kh1 Re8 22. Rg1 Rh4+ 23. Kg2 Re6 24. Kf1 Rg6 25. Rxg6 fxg6 26. Ke2 Kf7 27. Rg1 Kf6 28. Kf3 Rh5 29. Ne2 Rg5 30. Rxg5 Kxg5 31. Kg3 h5 32. Ng1 h4+ 33. Kf3 Kh5 34. Nh3 g5 35. Kg2 g4 36. Ng1 h3+ 37. Kg3 b5 38. Ne2 a5 39. a3 b4 40. axb4 axb4 41. Nc1 c5 42. Nb3 Kg5 43. Nd2 Kh5 44. f3 gxf3 45. Nxf3 g5 46. Nh2 Kg6 47. Kxh3 Kh5 48. Kg3 Kg6 49. Kg4 Kf6 50. Nf3 Kg6 51. Nxg5 Kf6 52. Kh5 Ke7 53. Kg6 Kd7 54. Kf6 Kc6 55. Ke6 Kc7 56. Nf7 Kc6 57. Nxd6 Kc7 58. Kxe5 Kc6 59. Nf5 Kb5 60. Kd5 Kb6 61. e5 Kb7 62. e6 Kc7 63. e7 Kd7 64. Kxc5 b3 65. cxb3 Ke8 66. Kd6 Kf7 67. Kd7 Kf6 68. e8Q Kxf5 69. Kd6 Kf4 70. Qe4+ Kg5 71. Qf3 Kg6 72. Ke6 Kg5 73. Qf5+ Kh4 74. Qg6 Kh3 75. Kf5 Kh2 76. Kf4 Kh1 77. Kf3 Kh2 78. Qg2# 1-0

[Event "GER-ch U10 Girls"]
[Site "Willingen"]
[Date "2021.08.26"]
[Round "7"]
[White "Wilke, Ronja"]
[Black "Ruddat, Maila"]
[Result "1-0"]
[WhiteElo "823"]
[BlackElo "729"]
[PlyCount "33"]
[EventDate "2021.08.22"]
[EventType "swiss"]
[EventRounds "11"]
[EventCountry "GER"]
[SourceTitle "EXT 2022"]
[Source "ChessBase"]
[SourceDate "2021.10.06"]
[SourceVersion "1"]
[SourceVersionDate "2021.10.06"]
[SourceQuality "1"]

1. e4 e5 2. Nf3 Nc6 3. Nc3 Nf6 4. a3 Bc5 5. Nxe5 Nxe5 6. d4 Bd6 7. dxe5 Bxe5 8. Be2 d6 9. Bg5 Be6 10. Qd2 a6 11. 0-0 Qd7 12. Rab1 0-0-0 13. Qe3 h6 14. Qa7 c6 15. Be3 g5 16. Bb6 Rde8 17. Qa8# 1-0